The global practice of forensic science /

"The Global Practice of Forensic Science presents histories, issues, patterns, and diversity in the applications of international forensic science. Written by 64 experienced and internationally recognized forensic scientists, the volume documents the practice of forensic science in 28 countries...

Full description

Bibliographic Details
Other Authors: Ubelaker, Douglas H.
Format: eBook
Language:English
Published: Chichester, West Sussex, UK ; Hoboken, NJ : Wiley-Blackwell, [2015]
Series:Forensic science in focus.
Subjects:
Online Access:Connect to the full text of this electronic book

MARC

Tag First Indicator Second Indicator Subfields
LEADER 00000nam a2200000 i 4500
001 in00005689727
005 20260215000254.5
006 m o d
007 cr |||||||||||
008 140917s2015 enk ob 001 0 eng
010 |a  2014037173 
035 |a wil6005422 
035 |a (DLC)wil6005422 
040 |a DLC  |b eng  |e rda  |e pn  |c DLC 
020 |a 9781118724224  |q (ePub) 
020 |a 1118724224  |q (ePub) 
020 |a 9781118724231  |q (Adobe PDF) 
020 |a 1118724232  |q (Adobe PDF) 
020 |a 9781118724248 
020 |a 1118724240 
020 |z 9781118724163  |q (hardback) 
020 |z 111872416X  |q (hardback) 
028 0 1 |a EB00595619  |b Recorded Books 
037 |a DAWSONERA 
042 |a pcc 
050 0 0 |a HV8073  |b .G56 2015 
072 7 |a BUS  |x 032000  |2 bisacsh 
072 7 |a SOC  |x 000000  |2 bisacsh 
082 0 0 |a 363.25  |2 23 
084 |a LAW041000  |2 bisacsh 
245 0 4 |a The global practice of forensic science /  |c Douglas H. Ubelaker, editor. 
264 1 |a Chichester, West Sussex, UK ;  |a Hoboken, NJ :  |b Wiley-Blackwell,  |c [2015] 
300 |a 1 online resource 
336 |a text  |b txt  |2 rdacontent 
337 |a computer  |b c  |2 rdamedia 
338 |a online resource  |b cr  |2 rdacarrier 
490 1 |a Forensic Science in Focus 
500 |a Includes index. 
520 |a "The Global Practice of Forensic Science presents histories, issues, patterns, and diversity in the applications of international forensic science. Written by 64 experienced and internationally recognized forensic scientists, the volume documents the practice of forensic science in 28 countries from Africa, the Americas, Asia, Australia and Europe. Each country's chapter explores factors of political history, academic linkages, the influence of individual cases, facility development, types of cases examined, integration within forensic science, recruitment, training, funding, certification, accreditation, quality control, technology, disaster preparedness, legal issues, research and future directions. Aimed at all scholars interested in international forensic science, the volume provides detail on the diverse fields within forensic science and their applications around the world"--  |c Provided by publisher 
520 |a "The Global Practice of Forensic Science examines the practice of forensic science between around 30 countries from across five continents"--  |c Provided by publisher 
588 0 |a Print version record and CIP data provided by publisher. 
504 |a Includes bibliographical references and index. 
505 0 |a The Global Practice of Forensic Science; Contents; About the editor; List of contributors; Foreword; Series Preface; Forensic Science in Focus; 1 Introduction; 1.1 Chapter organization and information; 2 The practice of forensic sciences in Argentina; 2.1 Introduction: the Argentine nation; 2.2 The Judiciary: administration of justice; 2.3 Law enforcement agencies: auxiliary bodies in support of the Judiciary; 2.4 A brief history of legal medicine in Argentina; 2.5 The Forensic Medical Corps; 2.6 Interaction with the police and the security forces; 2.7 Types of cases; 2.8 Training. 
505 8 |a 2.9 Financial support to the development of forensic sciences2.10 Certification/accreditation of professionals and abs -- quality controls; 2.11 Getting ready for mass disasters; 2.12 The political context; 2.13 The future; References; 3 Australia; 3.1 Introduction; 3.2 History; 3.2.1 The Gun Alley Murder (Lack and Morgan, 2005); 3.2.2 Wrongful conviction of Edward Splatt (Shannon, 1984); 3.2.3 The Royal Commission into the Chamberlain Convictions, (Morling, 1987); 3.2.4 The Royal Commission into Aboriginal Deaths in Custody (Johnston, 1991). 
505 8 |a 3.2.5 Inquiries into the use of tissue removed at autopsy3.2.6 Inquiry into the circumstances that led to the conviction of Mr Farah Jama (Vincent, 2010); 3.3 Establishment of Forensic Service Provision in each Jurisdiction; 3.3.1 States and Territories; 3.3.2 National; 3.4 Types of cases; 3.4.1 Capability; 3.4.2 Case types; 3.5 Structure; 3.5.1 The Senior Managers of Australian and New Zealand Forensic Laboratories (SMANZFL); 3.5.2 The Australia New Zealand Policing Advisory Agency National Institute of Forensic Science (ANZPAA NIFS). 
505 8 |a 3.5.3 The Australian and New Zealand Forensic Science Society (ANZFSS)3.5.4 CrimTrac; 3.5.5 The National Association of Testing Authorities (NATA); 3.6 Integration of forensic science; 3.7 Recruitment; 3.8 Training; 3.9 Funding; 3.10 Political influences; 3.11 Certification; 3.12 Laboratory accreditation/quality control; 3.13 Technology; 3.14 Disaster preparedness; 3.15 Legal issues; 3.16 Research; 3.17 Future directions:; Acknowledgements; References; 4 Forensic sciences in Canada; 4.1 History of forensic science in Canada; 4.2 Structure and funding of Canadian forensic science. 
505 8 |a 4.3 Recruitment, training and certification4.4 Forensic education in Canada; 4.5 Laboratory accreditation; 4.6 Death investigation systems in Canada; 4.7 Forensic pathology; 4.8 Forensic anthropology; 4.9 Forensic odontology; 4.10 Forensic entomology; 4.11 Forensic psychiatry; 4.12 Forensic psychology and behavioral science; 4.13 Forensic toxicology; 4.14 Questioned documents; 4.15 Criminalistics; 4.16 Forensic biology; 4.17 Forensic chemistry; 4.18 Firearms and toolmark analysis; 4.19 Crime scene investigation; 4.20 Drug chemistry; 4.21 Engineering sciences. 
650 0 |a Forensic sciences. 
655 0 |a Electronic books. 
700 1 |a Ubelaker, Douglas H.  |1 https://id.oclc.org/worldcat/entity/E39PBJv4r38m7KcrqRVY4yDrMP 
758 |i has work:  |a The global practice of forensic science (Text)  |1 https://id.oclc.org/worldcat/entity/E39PCGFm6KX9BHTXbBtJRMVMrm  |4 https://id.oclc.org/worldcat/ontology/hasWork 
776 0 8 |i Print version:  |t Global practice of forensic science.  |d Chichester, West Sussex, UK ; Hoboken, NJ : John Wiley & Sons Inc., [2015]  |z 9781118724163  |w (DLC) 2014035953 
830 0 |a Forensic science in focus. 
856 4 0 |u http://proxy.library.tamu.edu/login?url=https://onlinelibrary.wiley.com/book/10.1002/9781118724248  |z Connect to the full text of this electronic book  |t 0 
955 |a Wiley EBA record 
975 |p Wiley UBCM Full Collection 
976 |a 6005422 
999 f f |i 084b3ed4-b83d-4b39-a4b3-136a1ba9e97d  |s 60c966d9-531e-471a-b416-911869d4dced  |t 0 
952 f f |a Texas A&M University  |b College Station  |c Electronic Resources  |s evans_pda  |d Available Online  |t 0  |e HV8073 .G56 2015  |h Library of Congress classification 
998 f f |a HV8073 .G56 2015  |t 0  |l Available Online